<?xml version="1.0" encoding="UTF-8"?>
<record
    xmlns:xsi="http://www.w3.org/2001/XMLSchema-instance"
    xsi:schemaLocation="http://www.loc.gov/MARC21/slim http://www.loc.gov/standards/marcxml/schema/MARC21slim.xsd"
    xmlns="http://www.loc.gov/MARC21/slim">

  <leader>01791nam a2200205 a 4500</leader>
  <controlfield tag="008">161215t2006    uy ||||g |||| 00| f spa d</controlfield>
  <datafield tag="020" ind1=" " ind2=" ">
    <subfield code="a">9974793181</subfield>
  </datafield>
  <datafield tag="041" ind1=" " ind2=" ">
    <subfield code="a">spa</subfield>
  </datafield>
  <datafield tag="092" ind1=" " ind2=" ">
    <subfield code="c">863</subfield>
    <subfield code="l">32</subfield>
    <subfield code="s">HAI</subfield>
  </datafield>
  <datafield tag="100" ind1="1" ind2=" ">
    <subfield code="a">Hain, Mart&#xED;n</subfield>
    <subfield code="9">3316</subfield>
  </datafield>
  <datafield tag="245" ind1=" " ind2="3">
    <subfield code="a">La Limpieza /</subfield>
    <subfield code="c">Mart&#xED;n Hain</subfield>
  </datafield>
  <datafield tag="250" ind1=" " ind2=" ">
    <subfield code="a">1a ed.</subfield>
  </datafield>
  <datafield tag="260" ind1=" " ind2=" ">
    <subfield code="a">Buenos Aires:</subfield>
    <subfield code="b">Bajo La Luna;</subfield>
    <subfield code="c">2016.</subfield>
  </datafield>
  <datafield tag="300" ind1=" " ind2=" ">
    <subfield code="a">136 p.</subfield>
    <subfield code="b">20x13 cm</subfield>
  </datafield>
  <datafield tag="500" ind1=" " ind2=" ">
    <subfield code="a">Hain, M. (2016). La limpieza. (1a ed.). Buenos Aires : Bajo La Luna.</subfield>
  </datafield>
  <datafield tag="505" ind1=" " ind2=" ">
    <subfield code="a">Para los protagonistas de esta novela -un matrimonio longevo sin hijos- la organizaci&#xF3;n de tiempo es una condici&#xF3;n estructural del d&#xED;a a d&#xED;a. Hace rato que Beto, el marido, tiene problemas con la memoria, sin embargo, la programaci&#xF3;n de la vida en torno a los quehaceres dom&#xE9;sticos y a los momentos de ocio activo -como ver por en&#xE9;sima vez viejas pel&#xED;culas o leer y comentar las noticias del diario- le han permitido a Juli, su esposa, plantearle desaf&#xED;os para mantener destellos de atenci&#xF3;n y actividad. Hasta que, una ma&#xF1;ana, un extra&#xF1;o suceso viene a alterar la rutinaria cadencia de sus d&#xED;as trayendo del pasado un inesperado estimulo para la pareja. &#xBF;Qui&#xE9;n es el hombre a quien Beto decide socorrer y dar asilo, rompiendo la armon&#xED;a que Juli tanto se esfuerza en mantener? La pureza del estilo y la escritura despojada encuentran en estas situaciones y personajes terreno f&#xE9;rtil para desplegar una historia pr&#xF3;xima, de sencillo realismo y agudo detalle suburbano. La limpieza -primera novela de Mart&#xED;n Hain- recibi&#xF3; el Primer Premio del Fondo Nacional de las Artes de parte de un jurado formado por Claudia Pi&#xF1;eiro, Luis Guzm&#xE1;n y Anibal Jarkowski. </subfield>
  </datafield>
  <datafield tag="590" ind1=" " ind2=" ">
    <subfield code="a">Proyecto 4to libro. Donaci&#xF3;n Fondo nacional de las Artes, Noviembre 2017</subfield>
  </datafield>
  <datafield tag="655" ind1=" " ind2=" ">
    <subfield code="a">Novela</subfield>
    <subfield code="9">3091</subfield>
  </datafield>
  <datafield tag="942" ind1=" " ind2=" ">
    <subfield code="2">ddc</subfield>
    <subfield code="c">LIT</subfield>
  </datafield>
  <datafield tag="999" ind1=" " ind2=" ">
    <subfield code="c">2498</subfield>
    <subfield code="d">2498</subfield>
  </datafield>
  <datafield tag="952" ind1=" " ind2=" ">
    <subfield code="0">0</subfield>
    <subfield code="1">0</subfield>
    <subfield code="2">ddc</subfield>
    <subfield code="4">0</subfield>
    <subfield code="7">0</subfield>
    <subfield code="a">BFM</subfield>
    <subfield code="b">BFM</subfield>
    <subfield code="c">CR</subfield>
    <subfield code="d">2017-11-01</subfield>
    <subfield code="e">Proyecto el 4to libro. Donaci&#xF3;n Fondo nacional de las artes, Noviembre 201</subfield>
    <subfield code="l">0</subfield>
    <subfield code="o">863 32 HAI</subfield>
    <subfield code="p">4002</subfield>
    <subfield code="r">2017-11-01</subfield>
    <subfield code="t">Ej. 1</subfield>
    <subfield code="w">2017-11-01</subfield>
    <subfield code="y">LIT</subfield>
    <subfield code="z">Proyecto el 4to libro. Donaci&#xF3;n Fondo nacional de las artes, Noviembre 2017.</subfield>
  </datafield>
</record>
